Statystyki dla 15 najbardziej dotkniętych krajów Covid-19 - 12 maja

Kliknij tutaj aby rozwiązać quiz!

Ogólne statystyki

  • Ten quiz został rozwiązany 41 razy
  • Średni wynik to 13 z 24

Statystyki odpowiedzi

kraj% Poprawnych
Chiny
95%
Rosja
95%
Stany Zjednoczone
92%
Włochy
89%
Francja
87%
Niemcy
87%
Hiszpania
84%
Kanada
84%
Brazylia
74%
Wielka Brytania
68%
Portugalia
61%
Belgia
55%
Indie
53%
Szwecja
53%
Turcja
47%
Holandia
42%
Iran
39%
Irlandia
29%
Szwajcaria
29%
Białoruś
21%
Peru
21%
Singapur
11%
Katar
8%
Bahrajn
3%

Rozkład punktacji

Percentyl według liczby udzielonych odpowiedzi

Procent ludzi z każdym wynikiem

Twoja historia wyników

Nie rozwiązałeś tego quizu